000 00988nam a22002897a 4500
001 BR8306399
003 BR-BrBNA
005 20230928091828.0
007 ta
008 230509b bl.||||| |||| 00| 0 por d
040 _aBR-BrBNA
_bpor
_cBiblioteca Nacional de Agricultura
041 _a(Por)
072 _aE40; E16
_b1720
_b/G514
090 _ 1720 BR8306399
100 1 _aSantos, M. do S. dos
110 1 _aUniversidade Federal da Paraiba, Campina Grande (Brasil). Centro de Humanidades
_910755
245 1 _aAspectos socio-economicos de uma cooperativa agricola mista de uma regiao de produtores de alho do Cariri Paraibano
260 3 _aCampina Grande, PB (Brasil):
_c1983.
300 _avp.
500 _a(*) Documento disponível no(a) UFPB, Campina Grande, PB (Brazil). Centro de Ciencias e Tecnologia
650 _aCOOPERATIVA
650 _aPRODUCAO VEGETAL
650 _aALHO
650 _aCARIRI PARAIBANO
909 _a202309
_bLucia
_c55
_dLucia Elande
942 _cBK
999 _c35747
_d35747